| 000 | 00595nam a2200181Ia 4500 | ||
|---|---|---|---|
| 005 | 20260429112241.0 | ||
| 008 | 260429s9999||||xx |||||||||||||| ||und|| | ||
| 020 | _a9789348033314 | ||
| 041 | _aHindi | ||
| 082 |
_a891.433 _bSAN |
||
| 100 | _aसांकृत्यायन, राहुल | ||
| 245 | 0 |
_aनिराले हीरे की खोज / _cराहुल सांकृत्यायन |
|
| 250 | _a1st ed. | ||
| 260 |
_aदिल्ली : _bप्रकाशन संस्थान, _c2025. |
||
| 300 | _a144 p.; Hb | ||
| 650 | _aHindi fiction | ||
| 942 | _cTB | ||
| 999 |
_c53126 _d53126 |
||